000
00313nam a2200133Ia 4500
008
100328s9999 xx 000 0 und d
082
_b
72720
100
_a
तिबिले अनंत.
245
_a
धडक
260
_b
सुकृत.
630
_a
धडक
730
_a
धडक
942
_c
BOOK
999
_c
558441
_d
558438